| 000 | 01203nac a22003491i 4500 | ||
|---|---|---|---|
| 003 | EG-ScBUE | ||
| 005 | 20230116114837.0 | ||
| 008 | 230116r19891983caua f 001 0 eng d | ||
| 020 | _a0376012935 (pbk.) : | ||
| 040 |
_aEG-ScBUE _beng _erda _cEG-ScBUE _dEG-ScBUE |
||
| 082 | 0 | 4 |
_a747.78 _bSUN _222 |
| 245 | 0 | 0 |
_aSunset bathrooms : _bplanning & remodeling / _cby the editors of Sunset Books and Sunset Magazine. |
| 246 |
_aSunset bathrooms : _bplanning and remodeling |
||
| 250 | _aEighth printing. | ||
| 264 | 1 |
_aMenlo Park, CA : _bLane Publishing Co., _c1989. |
|
| 300 |
_a128 pages : _bcolor illustrations ; _c28 cm |
||
| 336 |
_2rdacontent _atext _btxt |
||
| 337 |
_2rdamedia _aunmediated _bn |
||
| 338 |
_2rdacarrier _avolume _bnc |
||
| 500 | _aRev. ed. of: Planning & remodeling bathrooms. 4th ed. c1980. | ||
| 500 | _aIncludes index. | ||
| 650 | 7 |
_aBathrooms. _2BUEsh |
|
| 650 | 7 |
_aBathrooms _xRemodeling. _2BUEsh |
|
| 653 | _bART | ||
| 655 | _vReading book | ||
| 710 | 2 |
_aSunset Books, _eeditor. |
|
| 710 | 2 |
_aSunset Magazine, _eeditor. |
|
| 740 | 0 | _aSunset Bathrooms, planning and remodeling. | |
| 740 | 0 | _aBathrooms, planning & remodeling. | |
| 740 | 0 | _aBathrooms. | |
| 942 |
_cBB _2ddc |
||
| 999 |
_c10020 _d10020 |
||